• 首页
  • 本馆介绍
  • 公告通知
  • 最新文献
  • 馆藏检索
  • 电子资源
  • 读者导购
  • 参考咨询
  • 我的图书馆
  • 登录
  • 详细信息显示
  • 放入我的书架
  • 预约/预借图书
  • 作者相关作品
  • 分类相关作品
  • 丛书相关作品
  • 出版社相关作品

书目信息

  • 表格格式
  • 工作单格式
  • 卡片格式
题名:
中国近三百年学术史
    
 
作者: 梁启超 著
分册:  
出版信息: 北京   团结出版社  2009
页数: 28,406页
开本: 23cm
丛书名: 民国珍本丛刊
单 册:
中图分类: B249.05
科图分类:
主题词: 学术思想--思想史--中国--清代 , 学术思想 , 思想史
电子资源:
ISBN: 978-7-80214-116-2
000 00912oam2 2200277 45
001 1029473480
005 20100428085727.20
010    @a978-7-80214-116-2@dCNY48.00
100    @a20100426e2009 ekmy0chiy0120 ea
101 0  @achi
102    @aCN@b110000
105    @aa z 000yy
106    @ar
200 1  @a中国近三百年学术史@AZhong Guo Jin San Bai Nian Xue Shu Shi@e插图珍藏本@ECha Tu Zhen Cang Ben@f梁启超著@FLiang Qi Chao Zhu
210    @a北京@c团结出版社@d2009
215    @a28,406页@c图@d23cm
225 2  @a民国珍本丛刊
330    @a本书主要讲述了清代学术变迁与政治的影响、清代经学之建设、清代史学之建设、清代学者整理旧学之总成绩等内容。
461  0 @12001 @a民国珍本丛刊
606 0  @a学术思想@x思想史@y中国@z清代
606 0  @a学术思想
606 0  @a思想史
690    @aB249.05@v4
701  0 @a梁启超@ALiang Qi Chao@4著
801  0 @aCN@bTANGWEI@c20100428
905    @b0596033-37@dB249.05@e49@f5
    
    中国近三百年学术史:插图珍藏本/梁启超著.-北京:团结出版社,2009
    28,406页:图;23cm.-(民国珍本丛刊)
    
    
    ISBN 978-7-80214-116-2:CNY48.00
    本书主要讲述了清代学术变迁与政治的影响、清代经学之建设、清代史学之建设、清代学者整理旧学之总成绩等内容。
●
相关链接 在E读中查询图书 在五车中查询图书 在当当中查询图书 在豆瓣中查询图书


正题名:中国近三百年学术史     索取号:B249.05/49         预约/预借

序号 登录号 条形码 馆藏地/架位号 状态 备注
1 0596033   205960334   第一样本阅览室/ [索取号:B249.05/49] 在馆    
2 0596034   205960343   第一借阅区/ [索取号:B249.05/49] 在馆    
3 0596035   205960352   第一借阅区/ [索取号:B249.05/49] 在馆    
4 0596036   205960361   第一借阅区/ [索取号:B249.05/49] 在馆    
5 0596037   205960370   第一借阅区/ [索取号:B249.05/49] 在馆    
唐山师范学院图书馆 欢迎您!
大连网信软件有限公司© 版权所有